MARC

LEADER 00000nam0a2200000 4500
001 192628
005 20231031181429.0
035 |a (RuTPU)RU\TPU\book\210047 
090 |a 192628 
100 |a 20110304d1989 k y0rusy50 ca 
101 0 |a rus 
102 |a RU 
105 |a a z 001zy 
200 1 |a Термодинамические солнечные электростанции  |e сборник научных трудов  |f Энергетический научно-исследовательский институт им. Г.М. Кржижановского (ЭНИН); под ред. И. В. Баума 
210 |a Москва  |c ЭНИН  |d 1989 
215 |a 182 с.  |c ил. 
320 |a Библиография в конце статей 
610 1 |a солнечные электростанции 
610 1 |a сооружение 
610 1 |a эксплуатация 
610 1 |a нестандартное оборудование 
610 1 |a совершенствование 
610 1 |a создание 
675 |a 621.472  |v 3 
702 1 |a Баум  |b И. В.  |4 340 
712 0 2 |a Энергетический научно-исследовательский институт им. Г.М. Кржижановского (ЭНИН)  |c (Москва)  |c (1961- )  |2 stltpush  |3 (RuTPU)RU\TPU\col\3004 
801 1 |a RU  |b 63413507  |c 20110304 
801 2 |a RU  |b 63413507  |c 20110304  |g RCR 
942 |c BK